000 01434cam a22003498a 4500
001 15607160
005 20100218085401.0
008 090129s2010 pau |dbf 001 0 eng
010 _a 2009004111
020 _a9780781798334 (alk. paper)
035 _a(DNLM)101494794
040 _aDNLM/DLC
_cDLC
042 _apcc
050 0 0 _aRT51
_b.B78 2010
060 1 0 _aWY 49
_bL765 2010
082 0 0 _a610.73
_222
_bNUR
245 0 0 _aLippincott Manual of Nursing Practice/
_c[edited by Sandra M. Nettina].
246 3 0 _aManual of nursing practice
250 _a9th ed. /
260 _aPhiladelphia :
_bLippincott Williams & Wilkins, 2010
_cc2010.
263 _a0905
300 _a1903p.:
_cCol. ill.;
_b25 cm.
504 _aIncludes bibliographical references and index.
650 0 _aNursing
_vHandbooks, manuals, etc.
_912169
650 1 2 _aNursing Care
_vHandbooks.
_912170
700 1 _aNettina, Sandra M.
_912171
710 2 _aLippincott Williams & Wilkins.
_912172
942 _2ddc
_cNRB
999 _c13568
_d13568